书目信息 |
| 题名: |
机床主轴变速箱设计指导
|
|
| 作者: | 曹金榜 编 | |
| 分册: | ||
| 出版信息: | 北京 机械工业出版社 1987.5 |
|
| 页数: | 115页 | |
| 开本: | 26cm | |
| 丛书名: | ||
| 单 册: | ||
| 中图分类: | TH13 | |
| 科图分类: | ||
| 主题词: | 机械元件 , 机械传动装置 | |
| 电子资源: | ||
| ISBN: | ||
| 000 | 00567nam0 2200205 45 | |
| 001 | 0312221749 | |
| 005 | 20060510152301.32 | |
| 010 | @dCNY1.90 | |
| 091 | @a15033.6610H | |
| 100 | @a20031222d1987 km y0chiy0120 ea | |
| 101 | @achi | |
| 200 | 1 | @a机床主轴变速箱设计指导@AJi Chuang Zhu Zhou Bian Su Xiang She Ji Zhi Dao@f曹金榜等编@FCao Jin Bang Deng Bian |
| 210 | @a北京@c机械工业出版社@d1987.5 | |
| 215 | @a115页@d26cm | |
| 606 | 0 | @a机械元件 |
| 606 | 0 | @a机械传动装置 |
| 690 | @aTH13@v3 | |
| 701 | 0 | @a曹金榜@4编 |
| 801 | @aCN@bTSTCL@c20060510 | |
| 905 | @dTH13@e25 | |
| 机床主轴变速箱设计指导/曹金榜等编.-北京:机械工业出版社,1987.5 |
| 115页;26cm |
| ISBN :CNY1.90 |
| ● |
| 相关链接 |
|
|
|
|
正题名:机床主轴变速箱设计指导
索取号:TH13/25
 
预约/预借
| 序号 | 登录号 | 条形码 | 馆藏地/架位号 | 状态 | 备注 |
| 1 | 0203215 | 001365221 | 第三借阅区/ [索取号:TH13/25] | 在馆 | |
| 2 | 0203216 | 001365267 | 密集书库/ [索取号:TH13/25] | 在馆 | |
| 3 | 0203217 | 202310757 | 密集书库/ [索取号:TH13/25] | 在馆 |